01001cam a2200265 a 4500001000400000003001000004005001700014008004100031020001800072040002500090080002300115090002300138245014200161260003700303300002700340504002500367650002700392650004400419650003800463700005400501700002800555942001200583952012700595999001300722189BR-CuiBMT20231122234400.0230825b2022 mgba 000 0 por d a9786555184617 aBR-CuiBMTcBR-CuiBMT a351.712.2.0222007 a351.712.2.02bA83810aAspectos polêmicos sobre a nova lei de licitações e contratos administrativos :blei nº 14.133/2021 /cMarcelo Harger coordenador. aBelo Horizonte :bFórum,c2022 a408 p. :bil. ;c24 cm aInclui bibliografia. aDireito administrativo aLicitação públicaxLegislação aContratos administrativosxBrasil1 aSchier, Adriana da Costa Ricardoeet al.eautores1 aHarger, Marcelo4coord. 2udccLV 00102udc4070aBIBTCEMTbBIBTCEMTd2023-07-28l0o351.712.2.02 A838pBIBTCEMT23080166r2023-08-25tEx. 1w2023-08-25yLV c189d189